Normal view
MARC view
- التدريس. المدرسون-تدريب
Entry Topical Term
001 - CONTROL NUMBER
- control field: 22323
003 - CONTROL NUMBER IDENTIFIER
- control field: JO-AjAnu
005 - DATE AND TIME OF LATEST TRANSACTION
- control field: 20230606073844.0
008 - FIXED-LENGTH DATA ELEMENTS
- fixed length control field: 230606|| aca||aabn | a|a d
040 ## - CATALOGING SOURCE
- Original cataloging agency: JO-AjAnu
- Transcribing agency: JO-AjAnu
150 ## - HEADING--TOPICAL TERM
- Topical term or geographic name entry element: التدريس. المدرسون-تدريب
670 ## - SOURCE DATA FOUND
- Source citation: Work cat.: (JO-AjAnu)11470: /عبدالله،ميسون يونس مترجمة/جمل ،محمد جهاد مراجع/Wong,Harry K م.مشارك/Wong,Rosemary T مؤلف, author 22322, كيف تكون مدرسا فعالا الأيام الدراسية الأولى